Statystyki dla Piłka nożna quiz #15 - Wiedza ogólna

Kliknij tutaj aby rozwiązać quiz!

Ogólne statystyki

  • Ten quiz został rozwiązany 102 razy
  • Średni wynik to 7 z 15

Statystyki odpowiedzi

ZagadnienieOdpowiedź% Poprawnych
Jaką reprezentację na arenie międzynarodowej reprezentuje Rafael Leão?Portugalię
95%
Kto zdobył brązowy medal Mistrzostw Świata w 2018 roku?Belgia
77%
Z jakim numerem grał Cristiano Ronaldo tuż po przyjściu do Realu Madryt?9
69%
W którym z wymienionych klubów grał Harry Kane?Leicester
67%
Ile medali Mistrzostw Świata zdobyła reprezentacja Polski?2
60%
Który piłkarz, jako jedyny, może się pochwalić wygraną w Lidze Mistrzów z trzema różnymi klubami?Clarence Seedorf
55%
Który z polskich klubów, jako jedyny w historii, dotarł do finału europejskich rozgrywek?Górnik Zabrze
52%
W którym sezonie Raków Częstochowa awansował do Ekstraklasy?W sezonie 2018/19
39%
Ile najwięcej goli w jednym sezonie Serie A strzelił Zbigniew Boniek?7
31%
Gdzie odbyły się pierwsze mistrzostwa Europy?Francja
26%
Jakie drużyny spotkały się w pierwszym meczu rozgrywanym w ramach Pucharu Europy?Sporting Lizbona i Partizan Belgrad
26%
Ilu meczów z rzędu przed finałem MŚ w Bernie w 1954 roku nie przegrali piłkarze reprezentacji Węgier?28
17%
Kto strzelił pierwszego gola dla reprezentacji Polski na mistrzostwach świata?Fryderyk Scherfke
17%
Który polski piłkarz występował w klubach: Borussia Monchengladbach, PAOK Saloniki, VfL Bochum oraz Iraklis Saloniki?Marcin Mięciel
14%
Ile drużyn wygrywało Budnesligę w XXI wieku?5
7%

Rozkład punktacji

Percentyl według liczby udzielonych odpowiedzi

Procent ludzi z każdym wynikiem

Twoja historia wyników

Nie rozwiązałeś tego quizu